[Event "24.Schlosspark-Open"]
[Site "Wiesbaden-Biebrich"]
[Date "2012.08.24"]
[Round "3.61"]
[White "Beck, Michael"]
[Black "Schneider, Lutz"]
[Result "1-0"]
[WhiteElo "1909"]
[BlackElo "1711"]
[PlyCount "51"]
[EventDate "2012.??.??"]
[WhiteTeam "SC Flörsheim 1921"]
[BlackTeam "Vorw.Orient Mainz"]

1. Nf3 Nf6 2. c4 e6 3. g3 c6 4. Bg2 d5 5. Qc2 Bd6 6. d4 Nbd7 7. Nbd2 a5 8. O-O
O-O 9. e4 dxe4 10. Nxe4 Be7 11. Rd1 Nxe4 12. Qxe4 Bf6 13. Bf4 Re8 14. Qc2 Nb6
15. Ne5 Bg5 16. Bxg5 Qxg5 17. Re1 Rd8 18. Rad1 Qe7 19. Be4 g6 20. Bg2 Bd7 21.
b3 Be8 22. Qc3 a4 23. b4 a3 24. d5 cxd5 25. Ng4 f5 26. Nh6+ 1-0

[Event "24.Schlosspark-Open"]
[Site "Wiesbaden-Biebrich"]
[Date "2012.08.24"]
[Round "3.62"]
[White "Strate, Wolfgang"]
[Black "Witte, Volker"]
[Result "0-1"]
[WhiteElo "1701"]
[BlackElo "1903"]
[PlyCount "42"]
[EventDate "2012.??.??"]
[WhiteTeam "SC Eschbach im Usinger Land"]
[BlackTeam "SF Schlebusch"]

1. d4 Nf6 2. Nc3 g6 3. e4 d6 4. Nf3 Bg7 5. Be2 O-O 6. O-O Nbd7 7. Be3 Ng4 8.
Bg5 h6 9. Bh4 Ngf6 10. Qd2 g5 11. Bg3 Nh5 12. Rad1 Nxg3 13. fxg3 e5 14. d5 a5
15. Rf2 Nc5 16. Qe3 f5 17. Nd2 f4 18. gxf4 exf4 19. Qf3 g4 20. Qxf4 Rxf4 21.
Rxf4 Be5 0-1

[Event "24.Schlosspark-Open"]
[Site "Wiesbaden-Biebrich"]
[Date "2012.08.24"]
[Round "3.63"]
[White "Gebben, Alwin"]
[Black "Lindemann, Antje"]
[Result "1-0"]
[WhiteElo "1902"]
[BlackElo "1689"]
[PlyCount "179"]
[EventDate "2012.??.??"]
[WhiteTeam "SK Nordhorn-Blanke"]
[BlackTeam "SC Stetten a.d.F."]

1. e4 e5 2. Nf3 Nc6 3. d4 exd4 4. Bc4 Be7 5. O-O d6 6. Nxd4 Nxd4 7. Qxd4 Bf6 8.
Qd3 Ne7 9. Nc3 O-O 10. Be3 Nc6 11. Bb3 Re8 12. f3 Be6 13. Rad1 Ne5 14. Qe2 Qc8
15. Nd5 Be7 16. Kh1 Bf8 17. Qf2 c6 18. Nc3 Bxb3 19. axb3 b6 20. Ra1 Qe6 21. Ra6
Qd7 22. Rfa1 c5 23. Nd5 Qb7 24. Bf4 Ng6 25. Bg3 Red8 26. Qe2 Ne7 27. Bh4 Re8
28. Bxe7 Bxe7 29. Qb5 Bf8 30. h3 f5 31. Qc4 Kh8 32. exf5 b5 33. Qd3 Re5 34. Nf4
Qd7 35. Ne6 Qf7 36. Nxf8 Qxf8 37. Rxa7 Rd8 38. Qxb5 Rxf5 39. Qb7 h6 40. Ra8 Kh7
41. Qe4 d5 42. Rxd8 dxe4 43. Rxf8 Rxf8 44. fxe4 Rf2 45. Rc1 Re2 46. Kg1 Kg6 47.
Kf1 Rd2 48. Re1 Rxc2 49. Re2 Rc1+ 50. Kf2 Rd1 51. Ke3 Kf6 52. Rc2 Re1+ 53. Kf3
Rf1+ 54. Rf2 Rc1 55. Kf4 Ke6 56. Ke3 Re1+ 57. Kd3 Rd1+ 58. Kc4 Rc1+ 59. Kb5 Ke5
60. Rf5+ Kxe4 61. Rxc5 Rg1 62. Rc2 Kd5 63. Kb6 Kd4 64. b4 Kd3 65. Rf2 Ke3 66.
Rf3+ Ke4 67. Rg3 g5 68. b5 Kf4 69. Rf3+ Ke4 70. Rf2 Ke3 71. Rc2 Kd3 72. Rc3+
Kd4 73. Rc2 Kd3 74. Rf2 Ke3 75. Rf6 Rxg2 76. Rxh6 Rxb2 77. Kc6 Rc2+ 78. Kb7 Rh2
79. b6 g4 80. Re6+ Kf4 81. hxg4 Kxg4 82. Ka8 Ra2+ 83. Kb8 Kf5 84. Re1 Rb2 85.
b7 Rh2 86. Rc1 Ke5 87. Kc7 Rh7+ 88. Kb6 Rh6+ 89. Ka7 Rh7 90. Ka8 1-0

[Event "24.Schlosspark-Open"]
[Site "Wiesbaden-Biebrich"]
[Date "2012.08.24"]
[Round "3.64"]
[White "Lanz, Udo"]
[Black "Leßmann, Sven"]
[Result "1-0"]
[WhiteElo "1893"]
[BlackElo "1659"]
[PlyCount "59"]
[EventDate "2012.??.??"]
[WhiteTeam "SC Eberbach"]
[BlackTeam "SC Bad Soden"]

1. e4 d6 2. d4 Nf6 3. Bd3 g6 4. c3 Bg7 5. f3 O-O 6. Be3 c6 7. Ne2 Re8 8. g4 e5
9. h4 h5 10. Ng3 exd4 11. cxd4 Be6 12. gxh5 Nxh5 13. Nxh5 Qa5+ 14. Nc3 Qxh5 15.
Qe2 b5 16. Qf2 b4 17. Ne2 Qa5 18. Bd2 c5 19. f4 Bg4 20. f5 Bxe2 21. fxg6 fxg6
22. Qxe2 Bxd4 23. Qg2 Kf7 24. Rf1+ Ke7 25. Qxg6 Kd7 26. Rf7+ Kc6 27. Bc4 Qd8
28. Bg5 Rg8 29. Qf5 Qa5 30. Qd5+ 1-0

[Event "24.Schlosspark-Open"]
[Site "Wiesbaden-Biebrich"]
[Date "2012.08.24"]
[Round "3.65"]
[White "Bolduan, Michael"]
[Black "Burow, Roger"]
[Result "1-0"]
[WhiteElo "1889"]
[BlackElo "1527"]
[PlyCount "57"]
[EventDate "2012.??.??"]
[WhiteTeam "SC Taunusstein 1966"]
[BlackTeam "SV 1920 Kelsterbach"]

1. e4 e5 2. d4 exd4 3. Qxd4 Nc6 4. Qe3 d6 5. Bd2 Be7 6. Nc3 Nf6 7. h3 a6 8.
O-O-O Be6 9. Kb1 b5 10. Bc1 b4 11. Nd5 a5 12. Bb5 Bd7 13. f4 O-O 14. Nf3 Nb8
15. Bc4 Be8 16. Rhe1 Nbd7 17. e5 Nxd5 18. Bxd5 Rb8 19. e6 Nf6 20. exf7+ Bxf7
21. Bxf7+ Rxf7 22. Ng5 Qd7 23. Nxf7 Kxf7 24. g4 Re8 25. Qa7 a4 26. f5 h6 27.
Re6 Qc6 28. Qd4 Nd5 29. Qxd5 1-0

[Event "24.Schlosspark-Open"]
[Site "Wiesbaden-Biebrich"]
[Date "2012.08.24"]
[Round "3.66"]
[White "Triantafillidis, Dimitrios"]
[Black "Lukas, Sebastian"]
[Result "1/2-1/2"]
[WhiteElo "1447"]
[BlackElo "1887"]
[PlyCount "41"]
[EventDate "2012.??.??"]
[WhiteTeam "SF HN-Biberach 1978 e.V."]
[BlackTeam "SC 1979 Hattersheim"]

1. e4 c5 2. c3 d5 3. exd5 Qxd5 4. d4 Nc6 5. Nf3 Bg4 6. Be2 e6 7. O-O Nf6 8.
dxc5 Bxc5 9. Qxd5 Nxd5 10. Nbd2 O-O 11. Ne4 Be7 12. Re1 Rfd8 13. Ng3 Rac8 14.
h3 Bxf3 15. Bxf3 Bf6 16. Ne4 Be7 17. g3 h6 18. h4 f5 19. Nd2 e5 20. Nb3 e4 21.
Bg2 1/2-1/2

[Event "24.Schlosspark-Open"]
[Site "Wiesbaden-Biebrich"]
[Date "2012.08.24"]
[Round "3.67"]
[White "Aab, Manfred"]
[Black "Hoffmann, Jens"]
[Result "1/2-1/2"]
[WhiteElo "1808"]
[BlackElo "1406"]
[PlyCount "50"]
[EventDate "2012.??.??"]
[WhiteTeam "SG Stern Stuttgart"]
[BlackTeam "SF HN-Biberach 1978 e.V."]

1. d4 d5 2. e4 e6 3. Nd2 Bd7 4. Ngf3 Nc6 5. Be2 Nge7 6. O-O Ng6 7. c4 dxe4 8.
Nxe4 Be7 9. a3 a5 10. Bd2 O-O 11. Bc3 Bd6 12. Nxd6 cxd6 13. Qd2 Qc7 14. b4 axb4
15. axb4 d5 16. b5 Nce7 17. c5 Nf4 18. b6 Nxe2+ 19. Qxe2 Qc8 20. Ne5 Be8 21.
Rxa8 Qxa8 22. Ra1 Qc8 23. Ra7 Nc6 24. Nxc6 Bxc6 25. Bd2 Qd7 1/2-1/2

[Event "24.Schlosspark-Open"]
[Site "Wiesbaden-Biebrich"]
[Date "2012.08.24"]
[Round "3.68"]
[White "Stiefel, Marika"]
[Black "Kirmeir, Andreas"]
[Result "1/2-1/2"]
[WhiteElo "1645"]
[BlackElo "1801"]
[PlyCount "24"]
[EventDate "2012.??.??"]
[WhiteTeam "SSV Vimaria 91 Weimar"]
[BlackTeam "SC Landskrone"]

1. d4 g6 2. Bf4 Bg7 3. c3 d6 4. Nf3 b6 5. e4 Bb7 6. e5 Nd7 7. Nbd2 dxe5 8. Nxe5
Nxe5 9. Bxe5 Bxe5 10. dxe5 e6 11. Qa4+ Qd7 12. Qxd7+ Kxd7 1/2-1/2

[Event "24.Schlosspark-Open"]
[Site "Wiesbaden-Biebrich"]
[Date "2012.08.24"]
[Round "3.69"]
[White "Meier, Alexander"]
[Black "Bangert, Udo"]
[Result "0-1"]
[WhiteElo "1314"]
[BlackElo "1790"]
[PlyCount "146"]
[EventDate "2012.??.??"]
[WhiteTeam "FC 1934 Wiesbaden-Bierstadt"]
[BlackTeam "SG Stern Stuttgart"]

1. e4 d5 2. exd5 Nf6 3. d4 Qxd5 4. c4 Qe4+ 5. Ne2 e6 6. Nbc3 Bb4 7. a3 Bxc3+ 8.
bxc3 O-O 9. Be3 b6 10. Ng3 Qb7 11. Rb1 Bd7 12. f3 Qa6 13. Qc1 Qb7 14. Be2 Bc6
15. Bf2 Nbd7 16. O-O Rad8 17. Be3 Qc8 18. Bd3 Bb7 19. Bg5 Rde8 20. Ne4 Nxe4 21.
fxe4 f6 22. Be3 c5 23. d5 exd5 24. cxd5 c4 25. Bc2 Nc5 26. Bxc5 Qxc5+ 27. Kh1
Re5 28. a4 Rfe8 29. Re1 Bxd5 30. Qd2 Bf7 31. Rb5 Qe7 32. Rxe5 Qxe5 33. Qd4 h6
34. Qxe5 Rxe5 35. g4 Bg6 36. Kg2 Kf7 37. Kg3 Ke7 38. Kf4 Be8 39. Ke3 a6 40. Kd4
b5 41. axb5 axb5 42. Ra1 Kf7 43. h4 Bd7 44. Bd1 Re6 45. Bf3 Rd6+ 46. Kc5 Rd3
47. Rd1 Rxd1 48. Bxd1 Ke6 49. Kd4 Kd6 50. Bf3 Be6 51. Be2 Kc6 52. Bf3 Kb6 53.
Be2 Ka5 54. Kc5 Bf7 55. Bd1 Bg6 56. Bf3 Be8 57. Bd1 g6 58. Be2 Ka4 59. Bd1+ Ka3
60. Bc2 Kb2 61. Bd1 Kxc3 62. Kd6 Kd2 63. Bf3 c3 64. e5 c2 65. e6 c1=Q 66. Ke7
Ke3 67. Bd5 Qc5+ 68. Kxe8 Qxd5 69. Ke7 f5 70. gxf5 gxf5 71. Kf6 f4 72. e7 Qd6+
73. Kf7 Qxe7+ 0-1

[Event "24.Schlosspark-Open"]
[Site "Wiesbaden-Biebrich"]
[Date "2012.08.24"]
[Round "3.70"]
[White "Busch, Malte"]
[Black "Lochmann, Tobias"]
[Result "1-0"]
[WhiteElo "1765"]
[BlackElo "686"]
[PlyCount "45"]
[EventDate "2012.??.??"]
[WhiteTeam "SC 1979 Hattersheim"]
[BlackTeam "SV 1946 Groß-Gerau"]

1. d4 d5 2. c4 Nf6 3. Nc3 Nc6 4. e3 e6 5. Nf3 Bd6 6. Bd3 O-O 7. O-O e5 8. dxe5
Nxe5 9. Nxe5 Bxe5 10. Nxd5 Qd6 11. f4 Nxd5 12. fxe5 Qxe5 13. cxd5 Qxd5 14.
Bxh7+ Kxh7 15. Qxd5 Be6 16. Qh5+ Kg8 17. Rf3 Rad8 18. Rg3 g6 19. e4 Rd7 20. Bh6
Re8 21. Rxg6+ fxg6 22. Qxg6+ Rg7 23. Qxg7# 1-0

[Event "24.Schlosspark-Open"]
[Site "Wiesbaden-Biebrich"]
[Date "2012.08.24"]
[Round "3.71"]
[White "Rosmanitz, Anna"]
[Black "Traut, Stefan"]
[Result "1/2-1/2"]
[WhiteElo "1415"]
[BlackElo "1765"]
[PlyCount "51"]
[EventDate "2012.??.??"]
[WhiteTeam "SC 1979 Hattersheim"]
[BlackTeam "Sfr. Heusenstamm"]

1. e4 c5 2. Nc3 Nc6 3. Bb5 g6 4. Bxc6 bxc6 5. f4 Bg7 6. Nf3 d5 7. d3 e6 8. O-O
Ne7 9. Qe1 O-O 10. Qg3 Qc7 11. Qh4 f5 12. e5 h6 13. Nd1 Rf7 14. Nf2 Bd7 15. Qg3
Qd8 16. Nh4 Kh7 17. Nh3 Bf8 18. Rf3 Rg7 19. Ng5+ hxg5 20. Qxg5 Ng8 21. Rh3 Qxg5
22. fxg5 Ne7 23. Nxf5+ Kg8 24. Nxg7 Bxg7 25. Bf4 Rf8 26. Rf3 1/2-1/2

[Event "24.Schlosspark-Open"]
[Site "Wiesbaden-Biebrich"]
[Date "2012.08.24"]
[Round "3.72"]
[White "Urbach, Jens"]
[Black "Fröhlich-Dill, Astrid"]
[Result "0-1"]
[WhiteElo "1558"]
[BlackElo "1931"]
[PlyCount "127"]
[EventDate "2012.??.??"]
[WhiteTeam "Sfr. Frankfurt 1921"]
[BlackTeam "SV 1920 Hofheim"]

1. e4 e6 2. d4 b6 3. c4 Bb7 4. Nc3 Bb4 5. Bd3 Nf6 6. Qe2 Nc6 7. Nf3 O-O 8. O-O
e5 9. d5 Nd4 10. Nxd4 exd4 11. Nb5 Bc5 12. Bf4 d6 13. a4 a6 14. Na3 Re8 15. Nc2
b5 16. axb5 axb5 17. Rxa8 Bxa8 18. b4 bxc4 19. bxc5 dxc5 20. Bxc4 Bxd5 21. Bxd5
Qxd5 22. exd5 Rxe2 23. Na3 Nxd5 24. g3 c6 25. Nc4 Nxf4 26. gxf4 Rc2 27. Na3 Ra2
28. Nc4 f6 29. Rd1 g6 30. Kg2 Kf7 31. Kf3 Ke6 32. Nd2 f5 33. Re1+ Kd6 34. Nc4+
Kd5 35. Nb6+ Kd6 36. Nc4+ Kd7 37. Ne5+ Kc7 38. Nc4 Rc2 39. Ne5 c4 40. Nf7 Rc3+
41. Ke2 d3+ 42. Ke3 c5 43. Rd1 Rc2 44. Ne5 Re2+ 45. Kf3 Re4 46. h4 Kd6 47. Nf7+
Kd5 48. Ng5 Re7 49. Kg2 Kd4 50. Nf3+ Kd5 51. Ne1 Rxe1 52. Rxe1 d2 53. Rd1 c3
54. Kf3 Kd4 55. Ke2 Kc4 56. Ra1 Kb3 57. Ra8 Kc2 58. Ra2+ Kb1 59. Ra8 c2 60.
Rb8+ Kc1 61. Ra8 d1=Q+ 62. Ke3 Qd4+ 63. Ke2 Qe4+ 64. Kf1 0-1

[Event "24.Schlosspark-Open"]
[Site "Wiesbaden-Biebrich"]
[Date "2012.08.24"]
[Round "3.73"]
[White "Happel, Jürgen"]
[Black "Launert, Martin"]
[Result "0-1"]
[WhiteElo "1554"]
[BlackElo "1870"]
[PlyCount "121"]
[EventDate "2012.??.??"]
[WhiteTeam "SV 1920 Hofheim"]
[BlackTeam "Sfr.Erbach"]

1. d4 Nf6 2. c4 g6 3. Nc3 d5 4. cxd5 Nxd5 5. e4 Nxc3 6. bxc3 c5 7. d5 Bg7 8.
Bb2 O-O 9. Be2 Qc7 10. Nf3 Rd8 11. Qc2 e6 12. Bc4 exd5 13. Bxd5 Nc6 14. O-O Ne7
15. c4 Nxd5 16. cxd5 Bg4 17. Bxg7 Kxg7 18. Qc3+ Kg8 19. h3 Bxf3 20. Qxf3 Qe5
21. Rab1 b6 22. Rfd1 Re8 23. Re1 Qd6 24. Qd3 Rad8 25. g4 Re7 26. Kg2 Rde8 27.
f3 Qe5 28. d6 Rd7 29. Rbd1 Red8 30. Qc2 Rxd6 31. Rxd6 Qxd6 32. Re2 b5 33. Qb2
a6 34. e5 Qd5 35. Qc2 c4 36. Kg3 Qd3 37. Qxd3 Rxd3 38. Rc2 Kf8 39. Kf4 Ke7 40.
g5 Ke6 41. Ke4 Kd7 42. h4 Kc6 43. h5 Kc5 44. hxg6 hxg6 45. Rh2 Rd4+ 46. Ke3 c3
47. Rc2 b4 48. f4 Kd5 49. a3 a5 50. axb4 axb4 51. Ra2 Re4+ 52. Kf3 Rc4 53. Ke3
c2 54. Ra5+ Kc6 55. Ra6+ Kb5 56. Ra1 c1=Q+ 57. Rxc1 Rxc1 58. f5 b3 59. fxg6
fxg6 60. Kd2 b2 61. e6 0-1

[Event "24.Schlosspark-Open"]
[Site "Wiesbaden-Biebrich"]
[Date "2012.08.24"]
[Round "3.74"]
[White "Marzec, Witold"]
[Black "Rößler, Lukas Namgyu"]
[Result "1-0"]
[WhiteElo "1869"]
[BlackElo "1508"]
[PlyCount "125"]
[EventDate "2012.??.??"]
[WhiteTeam "vereinslos"]
[BlackTeam "SK Mannheim-Lindenhof 1865"]

1. d4 d5 2. c4 e6 3. Nf3 c5 4. cxd5 exd5 5. e3 Nc6 6. Nc3 Nf6 7. Be2 Be7 8. O-O
O-O 9. b3 b6 10. Bb2 Bb7 11. Bb5 a6 12. Bxc6 Bxc6 13. Ne5 Bb7 14. a4 Qc7 15.
Qe2 Bd6 16. f4 Rfe8 17. Rac1 Nd7 18. Qh5 Nxe5 19. fxe5 Bf8 20. Rf3 g6 21. Qg5
Bg7 22. Rcf1 Rf8 23. Qg3 Qe7 24. Qf2 Rad8 25. Ba3 Bc8 26. h3 Qa7 27. a5 Be6 28.
axb6 Qxb6 29. Bxc5 Qxb3 30. Bxf8 Rxf8 31. Na2 Rc8 32. Rc1 Rxc1+ 33. Nxc1 Qd1+
34. Qf1 Qxf1+ 35. Rxf1 Bd7 36. Nb3 Bb5 37. Ra1 Bc4 38. Nc5 Bf8 39. Nxa6 Bh6 40.
Kf2 Kf8 41. Nb4 Ke7 42. Ra7+ Ke6 43. Rc7 Bg5 44. Nc6 h5 45. g3 h4 46. g4 Bd3
47. Nb4 Be4 48. Rc6+ Ke7 49. Rd6 Ke8 50. Nxd5 Bd3 51. Nf6+ Ke7 52. Rb6 Bc4 53.
Rd6 Bb3 54. Rd7+ Ke6 55. Rd6+ Ke7 56. Rb6 Bc4 57. e4 Bd3 58. d5 Kd8 59. Rb7
Bxf6 60. exf6 Bxe4 61. Rxf7 Bxd5 62. Rh7 Ke8 63. g5 1-0

[Event "24.Schlosspark-Open"]
[Site "Wiesbaden-Biebrich"]
[Date "2012.08.24"]
[Round "3.75"]
[White "Schöneberger, Thomas"]
[Black "Sonnhoff, Werner"]
[Result "0-1"]
[WhiteElo "1393"]
[BlackElo "1815"]
[PlyCount "64"]
[EventDate "2012.??.??"]
[WhiteTeam "SC 1979 Hattersheim"]
[BlackTeam "SV Turm Lahnstein"]

1. e4 d5 2. exd5 Qxd5 3. Nc3 Qa5 4. Bc4 c6 5. a4 Nf6 6. Nf3 Bg4 7. h3 Bh5 8. d3
Nbd7 9. Bd2 Qc7 10. O-O Ne5 11. Bf4 Bxf3 12. Bxe5 Bxd1 13. Bxc7 Bxc2 14. Rfc1
Bxa4 15. Bxf7+ Kxf7 16. Rxa4 e6 17. Rf4 Be7 18. Ne4 h6 19. Be5 Kg6 20. Nd2 Kh7
21. Re1 Rhd8 22. Re3 Rd5 23. b3 Bb4 24. Bxf6 gxf6 25. Re2 Bxd2 26. Rxd2 Kg6 27.
Re2 e5 28. Rfe4 Rad8 29. Rg4+ Kf7 30. Rg3 Rb5 31. Rg4 Rxb3 32. Rge4 Rdxd3 0-1

[Event "24.Schlosspark-Open"]
[Site "Wiesbaden-Biebrich"]
[Date "2012.08.24"]
[Round "3.76"]
[White "Doerjer, Gerhard"]
[Black "Heun, Andreas"]
[Result "0-1"]
[WhiteElo "1752"]
[BlackElo "1458"]
[PlyCount "78"]
[EventDate "2012.??.??"]
[WhiteTeam "vereinslos"]
[BlackTeam "SC Ladja Roßdorf"]

1. d4 g6 2. e4 Bg7 3. Be3 d6 4. Bd3 Nf6 5. f3 a5 6. c3 c6 7. a4 O-O 8. Ne2 b6
9. Qd2 Na6 10. Na3 Nc7 11. g4 Rb8 12. Ng3 b5 13. axb5 cxb5 14. h4 b4 15. Nc2
bxc3 16. bxc3 Rb2 17. h5 Bxg4 18. fxg4 Nxg4 19. Qc1 Qb8 20. Na3 Rg2 21. Rb1 Qa8
22. Rg1 Ra2 23. Bg5 Nh2 24. Be2 Qc6 25. Rh1 Ne6 26. Bxe7 Rc8 27. d5 Bxc3+ 28.
Kf2 Qc5+ 29. Kg2 Nd4 30. Rxh2 Nxe2 31. Nxe2 Rxe2+ 32. Kh3 Rxh2+ 33. Kxh2 Qf2+
34. Kh3 Qf3+ 35. Kh4 Qxh5+ 36. Kg3 Be5+ 37. Kf2 Rxc1 38. Rxc1 Qh2+ 39. Kf3 Qf4+
0-1

[Event "24.Schlosspark-Open"]
[Site "Wiesbaden-Biebrich"]
[Date "2012.08.24"]
[Round "3.77"]
[White "Triantafillidis, Simeon"]
[Black "Van Bömmel, Philipp"]
[Result "0-1"]
[WhiteElo "1231"]
[BlackElo "1728"]
[PlyCount "92"]
[EventDate "2012.??.??"]
[WhiteTeam "SF HN-Biberach 1978 e.V."]
[BlackTeam "SC 1979 Hattersheim"]

1. e4 c5 2. Nf3 a6 3. Be2 Nc6 4. O-O Nf6 5. e5 Ng4 6. b3 Ngxe5 7. Nxe5 Nxe5 8.
Bb2 Nc6 9. Bh5 e6 10. Qf3 Qe7 11. Re1 Nd4 12. Bxd4 cxd4 13. Re4 g6 14. Bg4 f5
15. Rxd4 Bg7 16. Bh3 Bxd4 17. c3 Bg7 18. g3 O-O 19. d4 d6 20. d5 exd5 21. Qxd5+
Be6 22. Qd3 Rac8 23. Bg2 b5 24. Nd2 Rxc3 25. Qe2 Rxg3 26. hxg3 Bxa1 27. Qd1 Qg7
28. Nf3 Be5 29. Nxe5 Qxe5 30. f4 Qc5+ 31. Kh2 d5 32. Qe1 Qd6 33. Kh1 d4 34. Qd2
Rd8 35. Bf3 Bd5 36. Bxd5+ Qxd5+ 37. Kh2 d3 38. b4 Rc8 39. Kh3 Rc2 40. Qd1 Qg2+
41. Kh4 Qh2+ 42. Kg5 Qxg3+ 43. Kf6 Rc6+ 44. Ke5 Qe3+ 45. Kd5 Qe6+ 46. Kd4 Qe4#
0-1

[Event "24.Schlosspark-Open"]
[Site "Wiesbaden-Biebrich"]
[Date "2012.08.24"]
[Round "3.78"]
[White "Kreyssig, Bruno"]
[Black "Vaintroub, Maximilian"]
[Result "1-0"]
[WhiteElo "1717"]
[BlackElo "1438"]
[PlyCount "47"]
[EventDate "2012.??.??"]
[WhiteTeam "SG Leipzig"]
[BlackTeam "SK Mannheim-Lindenhof 1865"]

1. e4 c5 2. Nf3 Nc6 3. d4 cxd4 4. Nxd4 g6 5. Nc3 Bg7 6. Be3 Nf6 7. Be2 O-O 8.
f4 d6 9. Nb3 Bd7 10. g4 Rc8 11. g5 Ne8 12. Qd2 f6 13. h4 f5 14. h5 Kf7 15.
hxg6+ hxg6 16. O-O-O fxe4 17. Bc4+ e6 18. Rh7 d5 19. Nxd5 exd5 20. Qxd5+ Ke7
21. Bc5+ Nd6 22. Qxd6+ Ke8 23. Qxg6+ Rf7 24. Qxf7# 1-0

[Event "24.Schlosspark-Open"]
[Site "Wiesbaden-Biebrich"]
[Date "2012.08.24"]
[Round "3.79"]
[White "Künitz, Klaus"]
[Black "Busch, Günther"]
[Result "1-0"]
[WhiteElo "1660"]
[BlackElo "1321"]
[PlyCount "102"]
[EventDate "2012.??.??"]
[WhiteTeam "TSV Schott Mainz"]
[BlackTeam "FC 1934 Wiesbaden-Bierstadt"]

1. d4 g6 2. c4 Bg7 3. Nf3 d6 4. Nc3 Nd7 5. Bf4 a6 6. e3 e6 7. Bd3 Ne7 8. O-O
Nf6 9. h3 b6 10. Qc2 Bb7 11. e4 Nd7 12. Rad1 h6 13. Rfe1 O-O 14. Qd2 Kh7 15.
Nh2 Nf6 16. g4 Nfg8 17. e5 dxe5 18. dxe5 c5 19. Qe2 Qc7 20. Be4 Rad8 21. Bxb7
Qxb7 22. Ne4 Nc8 23. Nf3 Rxd1 24. Rxd1 Qe7 25. Qd3 f6 26. Kg2 fxe5 27. Bxe5 Nf6
28. Ng3 Qf7 29. Rd2 Ng8 30. Bxg7 Qxg7 31. Qd7 Qe7 32. Ne4 Kg7 33. g5 h5 34. Ne5
Qxd7 35. Rxd7+ Nge7 36. Nf6 Rxf6 37. gxf6+ Kxf6 38. Nf3 e5 39. Nd2 Ke6 40. Rd8
Nd6 41. Rb8 Ndc8 42. Kf3 Kd7 43. Ke4 Kc7 44. Ra8 Kb7 45. Rxc8 Kxc8 46. Kxe5 Kd7
47. Kf6 Ke8 48. Nf3 b5 49. Ne5 bxc4 50. Nxc4 Nd5+ 51. Kxg6 Nf4+ 1-0

[Event "24.Schlosspark-Open"]
[Site "Wiesbaden-Biebrich"]
[Date "2012.08.24"]
[Round "3.80"]
[White "Busch, Silvan"]
[Black "Goldhausen, Nina"]
[Result "1-0"]
[WhiteElo "1657"]
[BlackElo "1088"]
[PlyCount "73"]
[EventDate "2012.??.??"]
[WhiteTeam "SV 1920 Hofheim"]
[BlackTeam "SC 1979 Hattersheim"]

1. e4 e5 2. Nf3 Nc6 3. d4 exd4 4. Nxd4 Nxd4 5. Qxd4 c6 6. Bd3 d5 7. O-O Be6 8.
Nc3 h6 9. Re1 dxe4 10. Qxd8+ Rxd8 11. Nxe4 Be7 12. Be3 a6 13. Bc5 Rd7 14. Bxe7
Rxe7 15. Nc5 Bc8 16. Rxe7+ Kxe7 17. Re1+ Kd6 18. Ne4+ Kc7 19. Bc4 f6 20. Nc3
Bd7 21. Na4 b5 22. Bxb5 axb5 23. Nc5 g5 24. c4 bxc4 25. a4 Bc8 26. Re8 Kb6 27.
Ne4 Ba6 28. Nxf6 Nxf6 29. Rxh8 Nd7 30. Rxh6 Bb7 31. Rg6 Nc5 32. a5+ Kxa5 33.
Rxg5 Kb4 34. Rxc5 Kxc5 35. h4 Bc8 36. f3 Bf5 37. g4 1-0

[Event "24.Schlosspark-Open"]
[Site "Wiesbaden-Biebrich"]
[Date "2012.08.24"]
[Round "3.81"]
[White "Gießelbach, Christian"]
[Black "Goldschmidt, Andreas"]
[Result "0-1"]
[WhiteElo "1066"]
[BlackElo "1649"]
[PlyCount "128"]
[EventDate "2012.??.??"]
[WhiteTeam "SAbt TuS Dotzheim"]
[BlackTeam "SC 1953 Ronneburg"]

1. d4 d5 2. c4 e6 3. Nf3 Nf6 4. g3 c6 5. Bg2 Be7 6. O-O O-O 7. Nbd2 Nbd7 8. Qc2
dxc4 9. Nxc4 Nb6 10. Nxb6 Qxb6 11. Be3 Nd5 12. Bd2 Bf6 13. e4 Nc7 14. e5 Be7
15. Rfd1 Nd5 16. Rab1 Bd7 17. Bg5 Rac8 18. Bxe7 Nxe7 19. Ng5 Ng6 20. Qc5 Qxc5
21. dxc5 Rfd8 22. f4 Ne7 23. Ne4 Nd5 24. Nd6 Rb8 25. Be4 b6 26. cxb6 Rxb6 27.
Rd2 Rb4 28. Re1 Rdb8 29. b3 a5 30. Rd3 a4 31. bxa4 Rxa4 32. Rb3 Rxb3 33. axb3
Rb4 34. Ra1 g6 35. Ra8+ Kg7 36. Rd8 Nb6 37. Nc4 Nxc4 38. Rxd7 Nxe5 39. fxe5
Rxe4 40. Rc7 Rxe5 41. Rxc6 Re1+ 42. Kg2 Rb1 43. Rc3 Kf6 44. Rf3+ Ke7 45. Kh3 f5
46. Re3 Kf6 47. Kh4 Rb2 48. h3 e5 49. Rf3 Rh2 50. g4 f4 51. b4 Rb2 52. Rd3 Rxb4
53. Rd7 f3 54. Kg3 Rf4 55. Kf2 h5 56. gxh5 gxh5 57. Rd3 e4 58. Rd6+ Kg5 59.
Rd5+ Rf5 60. Rd1 Kf4 61. Re1 Rd5 62. Rg1 Rd2+ 63. Ke1 e3 64. Kf1 Rd1# 0-1

[Event "24.Schlosspark-Open"]
[Site "Wiesbaden-Biebrich"]
[Date "2012.08.24"]
[Round "3.82"]
[White "Melzig, Leon"]
[Black "Roth, Michael"]
[Result "0-1"]
[WhiteElo "1006"]
[BlackElo "1619"]
[PlyCount "48"]
[EventDate "2012.??.??"]
[WhiteTeam "SF HN-Biberach 1978 e.V."]
[BlackTeam "SC Lerchenberg/ZMO"]

1. e4 e5 2. Nf3 Nc6 3. Bc4 Nd4 4. Nxe5 Qg5 5. Ng4 d5 6. h4 Qxg4 7. Qxg4 Bxg4 8.
Bxd5 Nxc2+ 9. Kf1 c6 10. Bc4 O-O-O 11. Bxf7 Nf6 12. d3 Nxe4 13. Rh2 Bd6 14. Rh1
Rhf8 15. dxe4 Bf4 16. Nc3 Nxa1 17. Bxf4 Rxf7 18. Be3 Nc2 19. Bxa7 b5 20. g3 Bf3
21. Rh3 b4 22. Kg1 bxc3 23. Rh1 Rd1+ 24. Kh2 Rxh1# 0-1

[Event "24.Schlosspark-Open"]
[Site "Wiesbaden-Biebrich"]
[Date "2012.08.24"]
[Round "3.83"]
[White "Sanati, Charlotte"]
[Black "Viol, Julius"]
[Result "1-0"]
[WhiteElo "1616"]
[BlackElo "846"]
[PlyCount "117"]
[EventDate "2012.??.??"]
[WhiteTeam "SG Trier"]
[BlackTeam "FC 1934 Wiesbaden-Bierstadt"]

1. e4 Nf6 2. e5 Nd5 3. d4 d6 4. c4 Nb6 5. exd6 cxd6 6. Nc3 g6 7. Nf3 Bg7 8. Be2
O-O 9. O-O e5 10. Be3 Re8 11. Qb3 Be6 12. dxe5 Bxe5 13. Nxe5 dxe5 14. Rfd1 Qc7
15. Nb5 Bxc4 16. Bxc4 Qxc4 17. Qxc4 Nxc4 18. Nc7 Rc8 19. Nxa8 Nc6 20. Bh6 Rxa8
21. b3 N4a5 22. Rd6 Rd8 23. Rad1 Rc8 24. R1d5 Re8 25. Rd7 a6 26. Rc7 e4 27.
Rdd7 Ne5 28. Rd5 Nac6 29. Rxb7 Rc8 30. h3 Re8 31. Rc7 Rb8 32. Rc5 Rd8 33. R5xc6
Nxc6 34. Rxc6 Ra8 35. Rc4 f5 36. Ra4 Kf7 37. b4 Kf6 38. Be3 Rb8 39. Rxa6+ Ke5
40. Ra5+ Ke6 41. Bc5 h5 42. a4 g5 43. Ra6+ Kd5 44. Rd6+ Kc4 45. a5 Ra8 46. a6
Kb5 47. a7 Kc4 48. Rd7 Kb5 49. Rb7+ Kc4 50. Rb8 Rxa7 51. Bxa7 Kd5 52. b5 Kd6
53. Rc8 Kd5 54. b6 g4 55. b7 gxh3 56. b8=Q hxg2 57. Qb5+ Kd6 58. Re8 Kc7 59.
Bb8# 1-0

[Event "24.Schlosspark-Open"]
[Site "Wiesbaden-Biebrich"]
[Date "2012.08.24"]
[Round "3.84"]
[White "Nam, Seung-Zin"]
[Black "Köllmer, Hans"]
[Result "0-1"]
[WhiteElo "714"]
[BlackElo "1576"]
[PlyCount "74"]
[EventDate "2012.??.??"]
[WhiteTeam "SF Schwarz-Weiß Merzhausen"]
[BlackTeam "Sfr.Heidesheim"]

1. e4 e6 2. Nf3 d5 3. e5 c5 4. d4 Nc6 5. Bb5 Bd7 6. Nc3 Qb6 7. a3 a6 8. Ba4 Qa7
9. O-O b5 10. Bb3 cxd4 11. Ne2 Bc5 12. Ba2 Nge7 13. b4 Bb6 14. Bb2 Nf5 15. Qd2
O-O 16. Qf4 Rac8 17. Bb3 Bc7 18. Bxd4 Ncxd4 19. Nexd4 Nxd4 20. Nxd4 f6 21. Nf3
fxe5 22. Qh4 Rf4 23. Qe7 Rf7 24. Qg5 Qb8 25. Rfe1 e4 26. Nd4 Bxh2+ 27. Kh1 Be5
28. Qe3 Rcf8 29. Rf1 Bf4 30. Qc3 Be5 31. Qe3 Bf4 32. Qe1 Rf6 33. g3 Bxg3 34.
fxg3 Rxf1+ 35. Qxf1 Rxf1+ 36. Rxf1 Qxg3 37. Rg1 Qh3# 0-1